00453 a2200169 450000100060000002000180000604000220002410000180004624000290006424500240009330000080011736200090012565000130013494200070014795201120015499900170026664066 a9788575591840 cAnchieta - Pituba aHarvey, David10aO enigma do capitallpor10aO enigma do capital a2350 a2011 4aSistemas cBK 00104070a91.1b91.1d2023-11-21l0o330.12 H341e HAR ENIp17679/PITr2023-11-21 18:32:29w2023-11-21yBK c64066d64066